[Event "Turnier 40 / 120"]
[Site "Wien"]
[Date "2023.??.??"]
[Round "16"]
[White "ChessGenius Exclusive 300 MHz"]
[Black "Tasc R40 V2.50 Phoenix"]
[Result "1-0"]
[WhiteElo "2405"]
[BlackElo "2401"]
[Annotator "Christian"]
[PlyCount "189"]
[EventDate "2023.??.??"]

{[%evp 0,189,23,23,23,21,52,42,44,37,22,31,33,29,31,4,4,4,7,7,13,10,31,23,32,6,6,8,12,7,17,25,20,21,24,23,27,0,29,37,45,22,45,25,50,19,41,39,26,0,0,0,17,15,8,8,3,3,9,9,8,15,-9,-29,-24,-12,-30,-15,-23,-30,-8,-16,0,-29,-9,-29,7,14,6,0,0,3,4,0,-6,-6,0,-47,-40,-34,-34,-42,-53,-37,-53,-100,-89,-99,-99,-102,-103,-99,-98,-88,-118,-113,-102,-103,-103,-103,-103,-103,-103,-103,-51,-37,-44,-25,0,0,0,0,0,0,0,0,0,0,0,43,36,75,89,75,76,76,80,97,89,55,98,78,100,121,45,70,85,91,89,47,14,28,196,193,224,164,202,204,221,234,218,244,308,297,323,278,288,313,370,365,388,384,518,812,1046,1057,1590,1074,1500,2051,29987,29990,29991,29992,29993,29994,29995,29996,29997,29998,29999,-30000]} 1. d4 d5 {Runde 16: Damenbauernspiel, London / MCGE kann im Mittelspiel zunächst einen Bauern gewinnen findet dann aber nicht die richtige Fortsetzung und der Tasc R40 kann Ausgleich erspielen, im Mittelspiel verpasst dann der Tasc R40 eine Gelegenheit bereits klar in Vorteil zu kommen, das Endspiel beginnt dann mit leichten Vorteilen für den Tasc R40, diesen kann er jedoch nicht gewinnbringend ausbauen und MCGE kommt wieder zum Ausgleich. In weiterer Folge erweist sich das Endspiel 1x mehr als grosses Problem, diese schwierige Partiephase überfordert beide Geräte und wird alles andere als optimal geführt, mit wechselnden Vorteilen leistet sich dann allerdings Tasc R40 am Ende den spielentscheidenden Fehler 75. h5 ??, danach ist die Partie sofort verloren, am Ende eine Partie mit Chancen für beide Geräte und am Ende ein etwas glücklicher Sieg für MCGE. Stand: 9,5 : 6,5 für MCGE 300 MHZ (59,38 %)} 2. Nf3 c6 {Buchende} 3. Bf4 Nf6 {Buchbewertung Tasc R40 V 2.5: -0,47, diese Eröffnung gab es auch gegen Tasc R30 V 2.5 hier kommt aber sofort die Abweichung zu dieser Partie, R30 spielte damals komischerweise 2x in dieser Eröffnung anders, 1x zog er 3. e6 und 1x das absurde Bauernopfer 3. e5 ?, na egal, jedenfalls verläuft diese Partie hier schon ganz anders, R30 hatte damals beide Varianten verloren.} 4. e3 Nh5 5. Be5 {Buchbewertung MCGE: +0,46 / Komodo schätzt es genau wie die beiden Geräte ein: +0,50 für Weiss} Nd7 6. Bd3 Qb6 7. b3 f6 8. Bg3 {hier hätte Sg5 !! zu etwas Vorteil für Weiss geführt, Tasc R40 hatte das auch vorgeschlagen und sah sich mit -0,49 im Nachteil, nach dem Textzug ist die Stellung etwa gleich, aber für ein Fragezeichen reicht es hier nicht so viel schlechter ist der auch nicht} e5 9. dxe5 fxe5 {etwas besser ist Sxg3, Komodo -0,50} 10. Bxe5 Nxe5 11. Nxe5 {Weiss steht nicht viel besser nur mit ca. +0,50 aber immerhin es ist mal ein Mehrbauer} Nf6 12. c3 Bd6 13. Nf3 O-O 14. Nbd2 Bd7 15. c4 Rae8 16. cxd5 $2 {ein ganz schwacher Zug, danach ist jeglicher Vorteil dahin, deutlich besser ist 0-0} cxd5 17. O-O Bb4 $2 {auch nicht gerade das Gelbe vom Ei, danach ist Weiss wieder leicht im Vorteil, Komodo -0,60, deutlich besser ist Sg4} 18. Rc1 $2 {ein Fehler, danach könnte Schwarz bereits das Remis sicherstellen, mit der Fortsetzung Txe3 !!, die bereits sicher zum Remis führt, aber gut, das muss ein Oldie aber auch erst mal sehen und ich denke auch für einen Menschen ist das alles andere als leicht.} Qa5 {erwartungsgemäß kommt Tasc R40 nicht auf Txe3, aber hier kein grosser Vorwurf, der Textzug ist aber auch eher schwach, Komodo -0,90} 19. a4 Kh8 20. Nb1 Bg4 21. Be2 Ne4 22. Qd4 {klar vorzuziehen ist Sd4, Komodo +0,50} a6 23. Rc2 {besser ist Dd1, nach dem Textzug ist die Stellung im Lot, Komodo 0,00} Bf5 24. Nh4 Be6 25. Bh5 Rc8 26. Rxc8 Bxc8 27. Be2 Be7 28. Nf3 Bf6 29. Qd1 Bd7 30. Qd3 Bf5 31. b4 Qxb4 32. Qxd5 g6 33. Qc4 $2 {nicht ideal, danach steht Schwarz bereits etwas besser, Komodo -0,60 mit der Fortsetzung Dxc4, besser ist Da2 mit Ausgleich} Qxc4 34. Bxc4 Nc5 35. Nbd2 $2 {ein schlechter Zug, danach steht Schwarz bereits klar besser, Komodo -1,00, deutlich besser ist a5} Rd8 $2 {völlig unverständlich, gibt einen Grossteil des Vorteiles ab, Komodo nur noch +0,30 für Schwarz, warum um Gottes willen nicht Sxa4 ? und Schwarz hat bereits 2 geschlossene Freibauern} 36. Bb3 {klar vorzuziehen ist a5, Komodo -0,70} b6 37. Bc4 a5 38. Bb5 Bd3 39. Bxd3 Rxd3 40. Rb1 Nxa4 41. Kf1 {Weiss konnte seine Stellung wieder konsolidieren, Schwarz ist nur noch knapp im Vorteil mit ca. +0,30} Kg7 42. Nc4 Rd8 43. e4 Nc3 44. Rxb6 Rd1+ 45. Ne1 Nxe4 46. Rb7+ Kg8 47. Ke2 $2 {das bringt rein gar nichts, nach Sc3+ muss ja der König sofort wieder zurück nach f1, mit Tb8+ hätte sich Weiss bereits dem Ausgleich genähert mit nur -0,20, Komodo -0,80} Nc3+ {na klar, was sonst} 48. Kf1 a4 49. Rb8+ $2 {völlig sinnlos, treibt ja nur den schwarzen König in eine bessere Position, anstatt ihn weiterhin auf der letzten Reihe eingesperrt zu halten, besser ist natürlich Se3, Komodo -1,00} Kf7 50. Rb7+ Be7 51. Ra7 Rc1 $2 {ein schwacher Zug, deutlich besser ist Ke8, Komodo +0,40} 52. h3 {weniger gut mit f4 hätte sich Weiss dem Ausgleich genähert mit ca. -0,40, Komodo -0,80} Rb1 53. g3 Ke8 54. Ra8+ Kd7 55. Ra7+ Ke6 $4 {völlig falsch, verspielt jeglichen Vorteil, danach ist die Partie Remis, Komodo 0,00, nötig war Kd8 mit klarem Vorteil für Schwarz mit ca. +1,10} 56. Ra6+ Kf5 57. g4+ Kg5 58. Nd2 Rd1 59. Ndf3+ Kh6 60. Ra7 Bg5 61. Kg2 Bf6 62. Nc2 g5 63. Ne3 Rb1 64. Ra6 Kg7 65. Nf5+ Kf7 66. Nd6+ Kf8 67. Ra7 Kg8 $2 {weniger gut, deutlich besser ist Tb6 und das Remis ist gesichert, nach dem Textzug ist Weiss etwas im Vorteil, Komodo -0,70} 68. Ra8+ Kg7 69. Ne8+ Kf7 70. Nxf6 Kxf6 71. Ra6+ Ke7 72. Nxg5 h6 $2 {weniger gut, nach Td1 hätte sich Schwarz dem Ausgleich genähert, nach dem Textzug ist Weiss wieder im Vorteil mit ca. +1,00} 73. Nf3 Rd1 74. Nh4 $4 {ein grottenschlechter Zug, der klaren Vorteil verschenkt, danach ist die Partie Remis, Komodo 0,00, deutlichen Vorteil versprach Se5} Kd7 75. Nf5 h5 $2 {ein absoluter Verlustzug, danach ist die Partie schlicht verloren, Komodo -3,30, das Remis gesichert hätte Kc7} ({Leptir 130223-avx2:} 75... Kc7 76. Ne3 Rd6 77. Ra5 Rc6 78. Nc2 Kb6 79. Ra8 Kb7 80. Rd8 Nb5 81. Rd2 a3 82. Nxa3 Nxa3 83. h4 Kc7 84. Rd5 Nc4 85. g5 h5 86. Kf3 Nb6 87. Rf5 Nd7 88. Kf4 Ra6 89. f3 Kd8 90. g6 Rxg6 91. Rxh5 Ra6 92. Rb5 Ke8 93. h5 {[%eval 7,36]}) 76. gxh5 Rd5 77. Ng3 $2 {klar schwächer als Sg7, aber Weiss steht trotzdem klar auf Gewinn, Komodo +2,30} Ke7 $2 {weit schwächer als Kc7, aber gut das muss man auch erst mal erkennen, dass es besser ist sich von den feindlichen Bauern zu entfernen, Komodo -4,00, MCGE hätte allerdings den richtigen Zug Kc7 !! vorgeschlagen} 78. f4 Kf7 79. Ra7+ Kg8 80. Kf3 Rd3+ 81. Kg4 Rd1 82. h6 Rg1 83. Kh4 Kh8 84. f5 Rd1 85. Nh5 Rd6 $2 {länger überlebt noch Sd5, übersieht ein Matt in 12, gut das ist aber ausserhalb des machbaren für einen Oldie} 86. f6 Rc6 87. Kg5 Nb5 88. Rd7 Nd4 89. Rxd4 {MCGE: Mattankündigung in 10 / es geht schon in 7 aber trotzdem eine bemerkenswerte Ansage.} Rc8 {[%emt 0:00:08] Tasc R40: Selbstmatt in} 90. f7 {[%emt 0:00:05] MCGE: Matt in 7 / es sind} Rc5+ 91. Kg6 Rc8 92. Rf4 Rf8 93. Re4 a3 94. Re8 a2 95. Rxf8# 1-0

[Event "Turnier 40 / 120"]
[Site "Wien"]
[Date "2023.??.??"]
[Round "17"]
[White "Tasc R40 V2.50 Phoenix"]
[Black "ChessGenius Exclusive 300 MHz"]
[Result "1/2-1/2"]
[WhiteElo "2401"]
[BlackElo "2405"]
[Annotator "Christian"]
[PlyCount "134"]
[EventDate "2023.??.??"]

1. b3 e5 {Runde 17: Nimzowitsch-Larsen Angriff / Ein Partie, die man am besten gleich wieder vergisst, für Geräte dieser Kategorie eine absolute Blamage, anders kann man das nicht nennen. Was hier an gegenseitigen Geschenken verteilt wird sollte für den gesamten Wettkampf reichen, nicht nur für eine Partie und geht wirklich nicht mehr auf die sprichwörtliche Kuhhaut, einfach unfassbar !! Ich bin ehrlich gesagt sprachlos, ob einer derart katastrophalen Leistung, das Ergebnis wird nach dem Prinzip einer Lotterie gewählt, hier spielen nur die Schlagwörter, Blindheit, Zufall und Glück eine Rolle sonst aber gar nichts. Einzige Gerechtigkeit: Remis, denn hier verdient keiner den Sieg. Stand: 10,0 : 7,0 für MCGE 300 MHZ (58,82 %)} 2. Bb2 Nc6 (2... d6 3. e4 Nf6 4. Nc3 Nc6 5. Nf3 Be7 6. Bb5 Bg4 7. h3 Bh5 8. g4 Bg6 9. Qe2 O-O 10. Bxc6 bxc6 11. O-O-O Qd7 12. d4 exd4 13. Rxd4 c5 14. Ra4 c6 15. Rd1 Rfb8 16. e5 Nd5 17. Nxd5 cxd5 18. Rxd5 Qc6 19. Qc4 Rd8 20. Ra6 Qb7 21. exd6 Bxd6 22. Raxd6 Rxd6 23. Rxd6 Qxf3 24. Qxc5 Re8 25. Qc3 Qf4+ 26. Kb1 f6 27. Rd7 Re2 28. Rd8+ Kf7 29. Qa5 Bxc2+ 30. Ka1 Qf3 31. Qh5+ Bg6 32. Qc5 Re8 33. Qxa7+ Kg8 34. Qc7 Qxh3 35. Qc4+ Kh8 36. Rxe8+ Bxe8 37. a4 Qh1+ 38. Ka2 h6 39. a5 Qe1 40. Qc7 Qe6 41. Qb8 Kh7 42. Qb4 Qe2 43. Ka3 Qxf2 44. a6 Qa7 45. Qc4 Qd7 46. Bc3 Qe7+ 47. b4 Qe3 48. b5 Bxb5 49. Qxb5 Qxc3+ 50. Ka4 Qa1+ 51. Kb4 Qe1+ 52. Kc5 Qe5+ 53. Kb6 Qb8+ 54. Ka5 Qd8+ 55. Kb4 Qd6+ 56. Kc3 Qc7+ 57. Kb2 Qh2+ 58. Ka1 Qc7 59. Qb7 Qc3+ 60. Kb1 Qd3+ 61. Kb2 Qd4+ 62. Kb3 Qd3+ 63. Kb4 f5 64. gxf5 Qxf5 65. Kc4 Qc2+ 66. Kd4 Qf2+ 67. Kd3 Qf1+ 68. Kc3 Qf6+ 69. Kc4 Qf1+ 70. Kc5 Qg1+ 71. Kc6 Qg6+ 72. Kd5 h5 73. Kd4 Qf6+ 74. Ke3 Qc3+ 75. Kf2 Qd4+ 76. Kf3 Qd1+ 77. Ke3 Qg1+ 78. Ke2 Qg4+ 79. Kd3 {½-½ (79) Tasc R40 v2.50 Phoenix (2401)-MCGE ARM Cortex M7 300 MHz (2405) Wien 2023 [kutzi]}) 3. e3 {***ENDE BUCH***} d6 (3... Nf6 4. Bb5 Bd6 5. Na3 e4 6. Nc4 Be7 7. d3 O-O 8. dxe4 Nxe4 9. Ne2 Bb4+ 10. c3 Qf6 11. O-O Nxc3 12. Bxc3 Bxc3 13. Rc1 Bb4 14. Nf4 Bc5 15. Qd5 Be7 16. Qh5 g6 17. Qd1 Qg5 18. Nd5 Bd8 19. f4 Qf5 20. Qf3 a6 21. e4 Qe6 22. f5 Qe8 23. Bxc6 dxc6 24. Nf4 Bf6 25. Ne2 Qe7 26. Rcd1 Kh8 27. Ng3 Kg7 28. Kh1 Kg8 29. e5 Bg5 30. f6 Qb4 31. Ne4 Bh6 32. a3 Qb5 33. Qg3 Re8 34. Rd3 Be6 35. Qh4 Bf8 36. Ng5 h6 37. Nxe6 Rxe6 38. Rfd1 a5 39. a4 Qb4 40. Qg3 b5 41. axb5 cxb5 42. Nd2 a4 43. Qe3 axb3 44. Nxb3 Rae8 45. Rd8 Qg4 46. R1d5 Rxf6 47. Kg1 Qc4 48. Qc1 Qxc1+ 49. Nxc1 Rxd8 50. Rxd8 Rc6 51. Nb3 b4 52. Kf2 Rc2+ 53. Nd2 Kg7 54. Ke2 Be7 55. Kd1 Rc5 56. Rc8 Bg5 57. Nf3 Be3 58. Rb8 Rc1+ 59. Ke2 Bb6 60. Nd2 Rc3 61. Rd8 Re3+ 62. Kd1 Rxe5 {0-1 (62) Tasc R40 v2.50 Phoenix (2401)-MCGE ARM Cortex M7 300 MHz (2405) Wien 2023}) 4. Bb5 {Buchbewertung Tasc R40 V 2.5: -0,15} Bd7 {***ENDE BUCH***} 5. Nf3 e4 {Buchbewertung MCGE: -0,03 / lt. Komodo ist die Stellung etwa gleich} 6. Nd4 Qg5 7. g3 Nf6 8. d3 a6 9. Bxc6 bxc6 10. Nd2 Bg4 11. Ne2 exd3 12. cxd3 Qd5 13. f3 Bxf3 14. Rf1 $1 {die beste Fortsetzung, die Stellung ist im Lot, Komodo 0,00} Bxe2 15. Qxe2 Be7 16. e4 Qe6 17. Rc1 c5 18. d4 $2 {ein schlechter Zug, danach ist Schwarz klar im Vorteil, Komodo -1,00 mit der Fortsetzung 0-0, nötig war e5 mit Ausgleich} ({Stockfish 15.1:} 18. e5 Nd5 19. exd6 cxd6 20. Bxg7 Rg8 21. Bb2 Kd7 22. Rc4 f5 23. Qxe6+ Kxe6 24. Rf2 Rae8 25. Ra4 f4 26. Rf3 h5 27. Kf1 fxg3 28. hxg3 Ref8 29. Ke2 Rxf3 30. Kxf3 Nb4 31. Bc3 Nxd3 32. Rxa6 Kd5 33. Nc4 Rf8+ 34. Ke3 Nc1 35. Nb6+ Kc6 36. Nc8+ Kb7 37. Ra7+ Kxc8 38. Rxe7 Nxa2 39. Bd2 {[%eval -26,37]}) 18... d5 $2 {ebenfalls schlecht, gibt den Vorteil gleich wieder retour, die Stellung ist wieder im Lot, hier hat MCGE auch Pech, denn d5 ist tatsächlich der allerletzte Zug, den er zu berechnen hatte von insgesamt 35 Zugmöglichkeiten, die letzte Wahl und gerade die zieht er im letzten Moment dem Zug 0-0, der klaren Vorteil versprach vor wegen einer Bewertungsdifferenz von +0,01 !! (0-0 bewertet er mit +0,14, den Textzug mit +0,15)., aber Ok, auch dem Tasc passierte in einer Vorrunde genau das gleiche, gehört eben auch dazu} ({Stockfish 15.1:} 18... O-O 19. dxc5 d5 20. Rf4 Rfe8 21. Rc2 a5 22. Kf1 Rad8 23. Kg2 dxe4 24. Bxf6 Bxf6 25. Nxe4 Bg5 26. Rg4 Bd2 27. Rxd2 Rxd2 28. Nf6+ Qxf6 29. Qxd2 Qc6+ 30. Kg1 Qxc5+ 31. Kg2 Qc6+ 32. Kg1 g6 33. Rc4 Qb6+ 34. Kg2 c5 35. Rc2 Rd8 36. Qe3 Qb7+ 37. Qf3 Qc7 38. Qf4 Qc6+ 39. Qf3 Rd5 40. h4 Qd7 41. Qe4 Qd6 42. Qf4 Re5 43. Qd2 Qe7 44. Qxa5 {[%eval -123,37]}) 19. Rf5 $4 {eine sehr schwierige Stellung in der beide Geräte nicht die idealen Züge finden können, ein Verlustzug, danach ist die Partie bereits verloren, Komodo -1,80, nötig war exd5 mit Ausgleich} cxd4 $4 {es geht weiter in dieser Art und Weise, da kann man nur sagen, wie gewonnen, so zeronnen, der Textzug verschenkt jeglichen Vorteil und die Stellung ist gleich wieder im Lot, gewonnen hätte natürlich wieder 0-0, also das schon zum wiederholten Male auszuschlagen, das ist schon sehr schwach muss man sagen} 20. Bxd4 dxe4 $2 {und wieder wird 0-0 verschmäht, ist ja nicht zu fassen, ein grottenschlechter Zug, der nun Weiss bereits klar in Vorteil bringt, Komodo -1,00 mit der Fortsetzung Te5} 21. Re5 Qd6 22. Rc4 O-O-O 23. Rec5 $1 {die Stellung ist bereits klar verloren für Schwarz, Komodo -1,60} Nd5 $2 {mit jedem Zug kommt der Untergang näher, mehr Widerstand leistet noch Td7, Komodo -2,00} 24. Rc6 $1 Qd7 25. Rxa6 $4 {ein ganz schwacher Zug, der Schwarz wieder Chancen einräumt, Komodo "nur" noch +1,00 für Weiss mit der Fortsetzung Df5, nötig war Tc1 oder Tc2} ({Leptir 130223-avx2:} 25. Rxa6 Qf5 26. Ra8+ {Bewertung 1.63 bei ST 36}) 25... e3 $2 {naja, das war es dann, ein absoluter Verlustzug !!!, danach ist alles aus, Komodo -3,00, auf Df5 kommt MCGE nicht} 26. Bxe3 Qb5 27. Ra8+ Kb7 $2 {auch das ist noch die falsche Seite, der König gehört nach d7, aber gut dieser Zug büsst nur 0,5 Bauerneinheiten ein, auch Kd7 rettet nichts mehr, Komodo -4,50} 28. a4 $4 {ein ganz schlechter Zug, der den Vorteil von Weiss fast halbiert, Komodo +2,50, sofort gewonnen hätte Tb4, aber gut auch das sollte noch leicht zum Sieg reichen} Qd7 29. Ra7+ {es ist klar gewonnen für Weiss, aber halt nach Massstab von Komodo +2,80, allerdings ist noch Vorsicht geboten, Tasc R40 sieht sich erst mit +0,63 im Vorteil} Kb8 {MCGE: -0,90} 30. Qf3 $2 {kaum habe ich das mit der Vorsicht zu Ende getippt kommt die nächste grobe Ungenauigkeit, danach ist Weiss nur noch mit ca. +1,20 im Vorteil, gewonnen hätte Tc3} Rhe8 31. Kf2 $4 {unglaublich aber an dieser Stelle verspielt Weiss bereits jeglichen Vorteil, nötig war T4xc7 mit ca. +1,50, nach dem Textzug ist die Stellung bereits im Lot, Komodo 0,00 !!} Qe6 $2 {einfach nicht mehr anzusehn, was hier abgeht, im letzten Moment verwirft MCGE wieder den Rettungsanker, bis knapp vor Schluss hatte er den richtigen Zug La3 ! am Radar, danach wäre die Partie Remis gewesen, der Textzug nach dem Textzug steht Weiss wieder klar besser, Komodo -1,20 mit der Fortsetzung T4xc7} 32. Rcxc7 Qxe3+ 33. Qxe3 Nxe3 34. Rcb7+ Kc8 35. Rxe7 Rxe7 36. Rxe7 Rxd2+ $2 {einfach indiskutabel, dazu verweigere ich jeden Kommentar, danach sollte man sofort den Stecker ziehen, aber bei dieser Partie wurde schon zu viel verschenkt, etwas warte ich noch damit, allerdings beende ich hier die Kommentierung, das ist mir kein weiteres Wort mehr Wert, es sei denn der Tasc R40 vergurkt das noch irgendwie, aber das sollte nur noch eine Formalität sein, einzig Sf5 leistet noch Widerstand, das hätte Tasc R40 auch vorgeschlagen !, bei Tasc sind allerdings Turmendspiele oftmals ein Problem, daher hier erspare ich es ihm noch nicht, das auch nach Hause zu bringen (Komodo -3,50, Stockfish 15: -8,00)} 37. Kxe3 Rxh2 38. b4 $2 {Tja unsere Oldies und Turmendspiele und da speziell der Tasc mit seiner bekannten Archillesferse, nach diesem Zug ist der Weg zum Sieg verdammt weit geworten, lt. Stockfish 15 ist es bereits Remis} Rb2 39. b5 Rb3+ 40. Kf2 Rb2+ 41. Kf3 Rb4 $2 {wieder ein absoluter Verlustzug, danach ist die Partie sofort verloren, MCGE verwirft im letzten Moment den nötigen Zug Tb3+, Komodo -2,00, Stockfish 15: -8,00} 42. Ra7 $2 {einfach unfassbar, wieder alles verschenkt, Remis !!, gewonnen hätte natürlich Txf7} g5 43. g4 Kb8 44. Ra6 Kc7 45. Kg3 Rb3+ 46. Kf2 Rb4 47. Kf3 Kb7 48. Kg3 Rb3+ 49. Kf2 Rb4 50. Ke3 Rxg4 51. a5 Ra4 52. Kf3 h5 53. Rb6+ Kc7 54. Rc6+ Kb8 55. Rb6+ Kc8 56. a6 h4 57. Rh6 g4+ 58. Kf2 Ra2+ 59. Ke3 Ra3+ 60. Kf4 Ra4+ 61. Ke5 g3 62. Kd6 Rd4+ 63. Kc6 Rc4+ 64. Kd6 Kb8 65. b6 Rc8 66. Rxh4 Rg8 67. Kc6 Rg6+ 1/2-1/2

[Event "Turnier 40 / 120"]
[Site "Wien"]
[Date "2023.??.??"]
[Round "18"]
[White "ChessGenius Exclusive 300 MHz"]
[Black "Tasc R40 V2.50 Phoenix"]
[Result "1-0"]
[WhiteElo "2405"]
[BlackElo "2401"]
[Annotator "Christian"]
[PlyCount "53"]
[EventDate "2023.??.??"]

{[%evp 0,53,19,31,14,-12,-15,-9,17,12,24,-9,-3,-9,-20,-21,-19,-25,-9,-32,9,-30,-4,-7,-1,3,16,-5,25,-12,10,17,9,14,28,44,44,92,114,157,158,172,224,255,291,291,353,281,423,480,552,552,548,563,572,574] Runde 18: Damenbauernspiel / Eine Partie die lange Zeit exakt gleich läuft wie jene gegen den Tasc R30 V2.5, der Tasc R40 spielt bis zum 23. Zug exakt gleich, als er dann eine Abweichung macht, ist die Partie aber längst verloren. Stand: 11,0 : 7,0 für MCGE 300 MHZ (61,11 %)} 1. d4 Nf6 2. g3 d5 3. Bg2 c6 4. Nf3 Bf5 {Buchende} 5. Nbd2 {Buchende} h6 {Buchbewertung Tasc R40 V 2.5: -0,16} 6. Ne5 {Buchbewertung MCGE: -0,03 / lt. Komodo steht Schwarz eine Nuance besser mit ca. +0,30, auch diese Eröffnung wurde im Match gegen R30 V 2.5 gespielt, damals konnte MCGE gewinnen.} e6 7. O-O Nbd7 8. Nxd7 Qxd7 9. c4 O-O-O {KUT: Ein zweifelhafter Entscheid.} 10. b3 Bb4 11. Bb2 Kb8 12. a3 Bf8 $2 {ein merkwürdiger Zug, eine Figur zurück in die Startlöcher zu schicken ist sicher nicht optimal, warum nicht Ld6 oder Le7 ?} 13. b4 Be7 14. Rc1 h5 15. Nf3 Qc7 $2 {ein schlechter Zug, danach ist Weiss im Vorteil, Komodo -1,20, nötig war De8 mit Ausgleich} (15... h4 $5 {ein interessanter Vorschlag von Leptir 130323-avx2 (KUT)}) 16. cxd5 exd5 17. b5 Qb6 $2 {klar schwächer als Sfd7, Komodo -1,60} 18. bxc6 Bd6 $2 {besser ist noch bxc6, Komodo -2,20} 19. Bc3 Rde8 $4 {Tasc R40 V2.5 erkennt hier noch keine Gefahr, Bewertung: +0,01, eine völlige Fehleinschätzung, das muss man schon als Verlustzug bezeichnen, danach ist alles vorbei, Komodo -4,00, deutlich mehr Widerstand leistet noch Dxc6 mit ca. -2,50} 20. Ne5 {MCGE sieht sich hingegen bereits klar im Vorteil, Bewertung: +1,87 !!} Bxa3 21. Ra1 Bb4 22. Bxb4 Qxb4 23. Qc1 Qxd4 {erst hier weicht die Partie nun ab von jener gegen Tasc R30 V 2.5, hier ist aber längst alles zu spät, Komodo -9,00 !!} 24. Nxf7 Rhf8 25. Nd6 Qb6 26. Qf4 g5 27. Qxf5 {Rest geschenkt} 1-0